000 00411nam a2200157 i 4500
001 23704
003 ES-MaACL
005 20230906152923.0
007 t|
008 021212s1963 sp ||||1| spa d
100 1 _aAmadoz, José Luis.
_921096
245 1 0 _aSangre y vida /
_cJosé Luis Amadoz.
260 _aPamplona :
_b[Leyre],
_c[1963]
300 _a77 p. ;
_c21 cm.
852 _aES-MaACL
_jC-24189
_bR.52537
999 _c23704
_d23704